000 00627nam a2200193 i 4500
001 36057
003 ES-MaACL
005 20240428063030.0
007 t|
008 030217m18781882po ||||1| por d
100 1 _aBraga, Teófilo,
_d1843-1924
_931276
245 1 0 _aHistoria universal
_b: esboço de sociologia descriptiva /
_cpor Theophilo Braga.
260 _aLisboa :
_b[s.n.],
_c1878-1882 (
_fTyp. Calçada)
300 _a2 v. ;
_c22 cm.
490 1 _aBibliotheca Historico-Scientifica
830 0 _aBibliotheca Historico-Scientifica
_9229568
852 _aES-MaACL
_jG-7683-84
999 _c36057
_d36057